| 000 | 00608aam a2200217 4500 | ||
|---|---|---|---|
| 005 | 20170214144443.0 | ||
| 008 | 151023b xxu||||| |||| 00| | spa d | ||
| 041 | _aspa | ||
| 082 | _a1.2.1 F754n | ||
| 100 |
_aFoster, Dennis L _99443 |
||
| 245 | _aEl negocio de la hospitalidad: Operaciones y manejo del departamento administrativo | ||
| 260 | _aMéxico | ||
| 260 | _bMcGraw-Hill | ||
| 260 | _c1995 | ||
| 300 | _a174 páginas | ||
| 650 |
_aADMINISTRACIÓN HOTELERA _93716 |
||
| 650 |
_aHOTELERÍA _96011 |
||
| 650 |
_aNEGOCIO HOTELERO _940132 |
||
| 650 |
_aCONTABILIDAD HOTELERA _914762 |
||
| 942 | _cBK | ||
| 999 |
_c7261 _d7261 |
||